000
00324nam a2200145Ia 4500
008
230605s2004 xx 000 0 und d
041
_a
eng
100
_a
Choudhari
245
_a
Natural Wonders Of Asia
260
_b
New holland pub
_c
2004
300
_a
176p
520
_a
General
520
_a
Hard Board
650
_a
B
999
_c
421136
_d
421136